000 04071nam a2200421 a 4500
001 dia_3684
003 CHAP
005 20250224132251.0
007 ta
008 220601s2006 mx ad frm a001 0 spa d
040 _amxchpua
_cCHAP
041 0 _aspa
_beng
090 _aTesis
_bM374
_c2006
100 1 _aMartínez Hernández, Carlos Javier
240 1 _aPrecooling of seeded mexican lime (Citrus aurantifolia Swingle) with forced air in commercial packing.
_lEspañol
245 1 0 _aPreenfriado de limón mexicano (Citrus Aurantifolia Swingle) con aire forzado en empaques comerciales /
_cCarlos Javier Martínez Hernández
264 _aChapingo, México :
_bEl autor,
_c2006
300 _axii, 93 hojas :
_bilustraciones, tablas, gráficas
336 _2rdacontent
_atexto
_btxt
337 _2rdamedia
_ano mediado
_bn
338 _2rdacarrier
_avolumen
_bnc
502 _aTesis
_b(Ingeniero Agroindustrial) --
_cUACh. Departamento de Ingeniería Agroindustrial,
_c2006
504 _aBibliografía : hojas 64-69
520 3 _aEn la presente investigación se evaluó el tiempo t1/2 (Z) y t7/8 (3Z) de enfriamiento y la velocidad de pérdida de peso en el proceso de preenfriado de frutos de Limón Mexicano (Citrus aurantifolia Swingle) procedentes de Apatzingán, Michoacán, bajo un sistema de aire forzado en cuatro empaques comerciales, cartón, madera, arpilla y plástico y con dos tamaño de fruta uno de 33-39 mm y el otro de 39-45 mm. Se utilizó una cámara con túnel de preenfriado trabajando con tres velocidades de aire, normal (1 m s-1), media (1.33 m s-1) y alta (2.5 m s-1), la temperatura fue de 9 ± 0.3 °C y la humedad relativa entre 90-95%. Los análisis revelaron que las pérdidas de peso son mayores a una velocidad alta de aire (0.092%.h-1), así como los que se enfrían en arpilla (0.123 %.h-1). El fruto con menor tamaño pierde menos agua 0.073 %.h-1 mientras que el mayor pierde 0.098 %.h-1. El tiempo t1/2, fue alcanzado a los 33 minutos en arpillas, 51 minutos en madera, 53 minutos en plástico y 156 minutos en cartón, demostrando que el proceso es más lento en el empaque de cartón. Los frutos de menor tamaño se enfriaron más rápidamente que los de mayor tamaño.
520 3 _aIn the present research the time t1/2 (Z) and t7/8 (3Z) of cooling as well as the speed of loss weight were evaluated in the pre-cooling process of fruits of seeded Mexican lime (Citrus aurantifolia Swingle) coming from Apatzingan, Michoacan, under a system of forced air in four commercial packing, cardboard box, wooden box, polypropylene woven bag and plastic box and with two fruit size one of 33-39 mm and the other of 39 45 mm. It was used cooling room with tunnel that It was working at three different air speeds, normal (1 m s-1), half (1.33 m s-1), and high (2.5 m s-1). The temperature was at 9 ± 0.3 °C and a relative humidity (HR) between90-95%. The analyses showed that in general the losses of weight were bigger to a high speed of air (0.092%.h-1) as well as those that cooling in polypropylene woven bag (0.123 %.h- 1)., the fruit with smaller size loses less water 0.073 %.h-1 while the biggest loses 0.098 %.h-1. The time Z, was reached in 33 minutes in polypropylene woven bag, 51 minutes in wooden box, 53 minutes in plastic box and 156 minutes for cardboard packing, it was demonstrated the process is slower in cardboard packing. Fruits of small size were cooling more quickly than those of big size.
650 1 3 _aLimones
_2atg
_xTratamiento previo
_xPreenfriamiento
650 1 3 _aLimones
_xEnvasado
_2atg
650 1 3 _aLemons
_xPretreatment
_xPrecooling
_2atg
650 1 3 _aLemons
_xPackaging
_2atg
700 1 _aCovarrubias Gutiérrez, Ignacio
_edirector
700 1 _aValle Guadarrama, Salvador
_easesor
700 1 _aMarchand Ortega, Rubén
_easesor
856 4 1 _uhttp://10.13.5.2/tesis/103670.pdf
_yDESCARGAR PDF
901 _aTESIS M374 2006
902 _aM
905 _a0000002006 mx 0000000000spa00
942 _cTESIS
_2Clasificación Universidad Autónoma Chapingo
999 _c209384
_d209384